Library Banner

Statistics for economics, accounting and business studies (Record no. 10196)

MARC details
000 -LEADER
fixed length control field 00458nam a2200181Ia 4500
001 - CONTROL NUMBER
control field 8981
008 - FIXED-LENGTH DATA ELEMENTS--GENERAL INFORMATION
fixed length control field 140325s9999 xx 000 0 und d
020 ## - INTERNATIONAL STANDARD BOOK NUMBER
International Standard Book Number 0-582-23953-2
040 ## - CATALOGING SOURCE
Transcribing agency PK-LaUMT
082 ## - DEWEY DECIMAL CLASSIFICATION NUMBER
Classification number 519.502433
Item number BAR-S
100 ## - MAIN ENTRY--PERSONAL NAME
Personal name Barrow, Michael
245 ## - TITLE STATEMENT
Title Statistics for economics, accounting and business studies
Statement of responsibility, etc Barrow, Michael
260 ## - PUBLICATION, DISTRIBUTION, ETC. (IMPRINT)
Date of publication, distribution, etc 1996
300 ## - PHYSICAL DESCRIPTION
Extent 321 p.
546 ## - LANGUAGE NOTE
Language note EN
650 ## - SUBJECT ADDED ENTRY--TOPICAL TERM
Topical term or geographic name as entry element Commercial statistics
942 ## - ADDED ENTRY ELEMENTS (KOHA)
Koha item type Books
Holdings
Withdrawn status Lost status Damaged status Not for loan Home library Current library Date acquired Total Checkouts Full call number Barcode Date last seen Date checked out Price effective from Koha item type
        UMT Main Campus UMT Main Campus 2014-03-25 1 519.502433 BAR-S 11226 2017-11-16 2017-11-09 2014-03-25 Books